000 00366nam a22001457a 4500
999 _c5987
_d5985
005 20210827141230.0
008 190911b xxu||||| |||| 00| 0 eng d
020 _a978-93-86819-44-4
041 _aeng
100 _aLYENGAR, M.A AND NAYAK, S.G.K
_95082
245 _aPHARMACOGNOSY LAB MANUAL
260 _aHYDERABAD
_bPHARMAMED
_c2018
300 _a115p,
942 _cBK